The need for multi-emissions legislation : hearing before the Subcommittee on Clean Air, Climate Change, and Nuclear Safety of the Committee on Environment and Public Works, United States Senate, One Hundred Ninth Congress, first session, January 26, 2005.

Bibliographic Details
Corporate Author: United States. Congress. Senate. Committee on Environment and Public Works. Subcommittee on Clean Air, Climate Change, and Nuclear Safety
Format: Government Document Book
Language:English
Published: Washington : U.S. G.P.O. : 2007.
Series:S. hrg. ; 109-876
Subjects:
Online Access:https://purl.fdlp.gov/GPO/LPS83043

MARC

Tag First Indicator Second Indicator Subfields
LEADER 00000cam a2200000 a 4500
001 in00002278821
005 20211129153003.0
008 070723s2007 dcuab b f000 0 eng c
010 |a  2007395939 
020 |a 9780160788741 
020 |a 0160788749 
035 |a (OCoLC)ocn145561371 
037 |a 552-070-36003-4  |b GPO 
040 |a SEN  |c SEN  |d GPO  |d DLC  |d GPO  |d MvI  |d UtOrBLW 
042 |a pcc 
043 |a n-us--- 
049 |a UDOC 
049 |a WWW 
050 0 0 |a KF26  |b E625 2005 
074 |a 1045-A 
074 |a 1045-A (online) 
074 |a 1045-B (MF) 
074 |a 1045-B (online) 
086 0 |a Y 4.P 96/10:S.HRG.109-876 
110 1 |a United States.  |b Congress.  |b Senate.  |b Committee on Environment and Public Works.  |b Subcommittee on Clean Air, Climate Change, and Nuclear Safety. 
245 1 4 |a The need for multi-emissions legislation :  |b hearing before the Subcommittee on Clean Air, Climate Change, and Nuclear Safety of the Committee on Environment and Public Works, United States Senate, One Hundred Ninth Congress, first session, January 26, 2005. 
246 3 |a Need for multi emissions legislation 
264 1 |a Washington :  |b U.S. G.P.O. :  |c 2007. 
264 2 |a Washington :  |b For sale by the Supt. of Docs., U.S. G.P.O., 
300 |a iv, 246 pages :  |b illustrations, maps ;  |c 24 cm. 
336 |a text  |b txt  |2 rdacontent 
337 |a unmediated  |b n  |2 rdamedia 
338 |a volume  |b nc  |2 rdacarrier 
490 1 |a S. hrg. ;  |v 109-876 
500 |a Distributed to some depository libraries in microfiche. 
500 |a Shipping list number: 2007-0309-P. 
500 |a Shipping List Date: 07/09/2007 
504 |a Includes bibliographical references. 
530 |a Also available via Internet from the GPO Access web site. Address as of 6/28/07: http://frwebgate.access.gpo.gov/cgi-bin/getdoc.cgi?dbname=109s̲enateh̲earings&docid=f:30720.pdf; current access is available via PURL. 
650 0 |a Air  |x Pollution  |x Law and legislation  |z United States. 
650 0 |a Air quality management  |x Government policy  |z United States. 
650 0 |a Emissions trading  |x Law and legislation  |z United States. 
810 1 |a United States.  |b Congress.  |b Senate.  |t S. hrg. ;  |v 109-876. 
856 4 1 |u https://purl.fdlp.gov/GPO/LPS83043  |t 0 
999 |a MARS 
999 f f |s f1cee7ee-1c91-3777-a42d-97eab79282b2  |i 73f8e10e-37e6-385e-a20c-38781489ab02  |t 0 
952 f f |a Texas A&M University  |b College Station  |c Electronic Resources  |d Available Online  |t 0  |e Y 4.P 96/10:S.HRG.109-876  |h Superintendent of Documents classification 
998 f f |a Y 4.P 96/10:S.HRG.109-876  |t 0  |l Available Online